A guide to the birds of South America /

Bibliographic Details
Main Author: Meyer de Schauensee, Rodolphe, 1901-1984
Corporate Author: Academy of Natural Sciences of Philadelphia
Other Authors: Poole, Earl L., Quinn, John R., Sutton, George Miksch, 1898-1982
Format: Book
Language:English
Published: Wynnewood, Pa. : Published for the Academy of Natural Sciences of Philadelphia by Livingston Pub. Co., [1970]
Subjects:

MARC

Tag First Indicator Second Indicator Subfields
LEADER 00000cam a2200000 4500
001 in00000337321
005 20151011055152.0
008 710129s1970 pauabf b 00100 eng
010 |a  76113640  
020 |a 0870980270  |c $20.00 
035 |a (OCoLC)00115641 
035 |9 ABM2366AM 
040 |a DLC  |c DLC  |d TXA  |d UtOrBLW 
043 |a s------ 
049 |a TXAM  |c [974010]  |a TXAS [ksam] 
050 0 0 |a QL689.A1  |b D38 
082 0 |a 598.298 
090 |a QL689.A1  |b D38 1970 
100 1 |a Meyer de Schauensee, Rodolphe,  |d 1901-1984. 
245 1 2 |a A guide to the birds of South America /  |c Illustrated by Earl L. Poole, John R. Quinn, and George M. Sutton. 
264 1 |a Wynnewood, Pa. :  |b Published for the Academy of Natural Sciences of Philadelphia by Livingston Pub. Co.,  |c [1970] 
300 |a xiv, 470 pages :  |b illustrations, maps (on lining papers), 50 plates (part color) ;  |c 24 cm. 
336 |a text  |b txt  |2 rdacontent 
337 |a unmediated  |b n  |2 rdamedia 
338 |a volume  |b nc  |2 rdacarrier 
504 |a Bibliography: pages 435-436. 
650 0 |a Birds  |z South America. 
700 1 |a Poole, Earl L. 
700 1 |a Quinn, John R. 
700 1 |a Sutton, George Miksch,  |d 1898-1982. 
710 2 |a Academy of Natural Sciences of Philadelphia. 
740 4 |a The birds of South America. 
999 |a MARS 
999 f f |s 66e78904-301a-32e9-b2e6-251b8b205dc7  |i ddd25485-f834-3079-8ee5-66b6509fe6cc  |t 0 
952 f f |p noncirc  |a Texas A&M University  |b College Station  |c Cushing Memorial Library & Archives  |d Cushing: Kincaid/South America (Remote Storage: 2-3 day retrieval)  |t 0  |e QL689.A1 D38 1970  |h Library of Congress classification  |i unmediated -- volume 
952 f f |p ric  |a Texas A&M University  |b Rellis Campus  |c Joint Library Facility  |d Remote Storage  |t 0  |e QL689.A1 D38  |h Library of Congress classification  |i unmediated -- volume  |m A14804964423 
998 f f |a QL689.A1 D38  |t 0  |l Remote Storage 
998 f f |a QL689.A1 D38 1970  |t 0  |l Cushing: Kincaid/South America (Remote Storage: 2-3 day retrieval)